| 000 | 02545njm a2200457Ia 4500 | ||
|---|---|---|---|
| 001 | 24689 | ||
| 003 | IT-RoPAU | ||
| 005 | 20220918181118.0 | ||
| 008 | 131025s9999 xx 000 0 und d | ||
| 040 | _aIT-RoPAU | ||
| 040 | _cIT-RoPAU | ||
| 041 | _aITALIANO | ||
| 999 |
_c99561 _d99561 |
||
| 999 | _bn.d. | ||
| 100 |
_aAA.VV. _9794 |
||
| 100 |
_eAutore musica _911717 |
||
| 100 |
_gCodice autore musica SPICS: 12000 _9796 |
||
| 245 | _aClaudio Villa-Parlami d'amore Mariù | ||
| 250 | _a1a ed. | ||
| 260 | _aTORINO | ||
| 260 |
_bFONIT CETRA _c1972 [1a Ed.:1972] |
||
| 300 | _aDISCO | ||
| 300 | _c31 minuti (Testo: pag.) | ||
| 500 | _aCanzone italiana. | ||
| 505 | _aSignorinella (4:00) - Firenze sogna (3:00) - Piccola santa (4:00) - Vivere (4:00) - Fili d'oro (4:00) - Parlami d'amore Mariù (4:00) - Torna piccina (4:00) - Un'ora sola ti vorrei (3:00) - Maria la O (3:00) - Mamma (3:00) - | ||
| 650 |
_aCANZONE ITALIAN [DISCHI] _eCodice MATERIA SPICS: 9950 _911718 |
||
| 700 |
_aVilla Claudio _gCodice interprete SPICS: 1155 _eInterprete _911719 |
||
| 700 |
_aBovio Libero _gCodice autore musica SPICS: 13462 _eAutore musica _pSignorinella _911720 |
||
| 700 |
_aValente Nicola _gCodice autore testo/musica SPICS: 13463 _eAutore testo/musica _pSignorinella _911721 |
||
| 700 |
_aCesarini Cesare _gCodice autore testo/musica SPICS: 13620 _eAutore testo/musica _pFirenze sogna _911722 |
||
| 700 |
_aDi Lazzaro Eldo _gCodice autore musica SPICS: 13500 _eAutore musica _pPiccola santa _911723 |
||
| 700 |
_aMari Astro _gCodice autore testo/musica SPICS: 13565 _eAutore testo/musica _pPiccola santa _911724 |
||
| 700 |
_aBixio Cesare Andrea _gCodice autore testo/musica SPICS: 13441 _eAutore testo/musica _pVivere - Parlami d'amore Mariù - Torna piccina - Mamma _911725 |
||
| 700 |
_aBuongiovanni Francesco _gCodice autore musica SPICS: 13465 _eAutore musica _pFili d'oro _911726 |
||
| 700 |
_aCapurro Giovanni _gCodice autore testo/musica SPICS: 13137 _eAutore testo/musica _pFili d'oro _911727 |
||
| 700 |
_aNeri Ely _gCodice autore musica SPICS: 14256 _eAutore musica _pParlami d'amore Mariù _911728 |
||
| 700 |
_aBertini Umberto _gCodice autore musica SPICS: 13511 _eAutore musica _pUn'ora sola ti vorrei _911729 |
||
| 700 |
_aMarchetti Gianni _gCodice autore testo/musica SPICS: 11622 _eAutore testo/musica _pUn'ora sola ti vorrei _911730 |
||
| 700 |
_aNisa (Salerno Nicola) _gCodice autore musica SPICS: 13452 _eAutore musica _pMaria la O _911731 |
||
| 700 |
_aLecuona M. _gCodice autore testo/musica SPICS: 14010 _eAutore testo/musica _pMaria la O _911732 |
||
| 942 |
_cMD _2ddc |
||